| 000 | 00536nam a2200169Ia 4500 | ||
|---|---|---|---|
| 005 | 20250508155416.0 | ||
| 008 | 008 250505s9999 xx 000 0 eng d | ||
| 037 | _aBooks to be hide in OPAC | ||
| 040 |
_aFEDL _beng _cFEDL |
||
| 041 |
_aeng _2eng |
||
| 084 |
_a379.542 5, UNI/O _qFEDL |
||
| 245 | 0 | _aGeneral report on public instruction in the united provinces of Agra and Oudh for the year ending March 31, 1931 | |
| 260 | _c1932 | ||
| 300 | _a35p. | ||
| 942 |
_cHB _h379.542 5, UNI/O |
||
| 999 |
_c1356574 _d1356574 |
||